000 01276nam a2200373 c 4500
001 57748
003 CO-BoRNBP
005 20250730110105.0
007 ta
008 200326s1994 ck a cr 000 f spa d
020 _a9580708460
040 _aCO-BoRNBP
_bspa
_erda
_cCO-BoRNBP
041 1 _aspa
_hfre
043 _an-cn---
084 _aN
100 _aAnfousse, Ginette,
_d1944-
_eaut
_961489
245 1 4 _aLas vacaciones de Rosalía /
_cGinette Anfousse ; ilustraciones de Marisol Sarrazin ; traducción Ana Cristina Mejía.
250 _aPrimera edición
264 1 _aMedellín, Colombia :
_bEditorial Edilux,
_c1994
300 _a93 páginas :
_bilustraciones
336 _atexto
_btxt
_2rdacontent
337 _asin mediación
_bn
_2rdamedia
338 _avolumen
_bnc
_2rdacarrier
490 0 _aJóvenes lectores
521 1 _aRecomendado para un público mayor de 10 años
650 0 7 _aLiteratura canadiense
_ysiglo xx
_2lemb
_961490
650 0 7 _aMar en la literatura
_2lemb
_961491
650 0 7 _aNovela infantil canadiense
_ysiglo xx
_2lemb
_961492
650 0 7 _aVacaciones en la literatura
_2lemb
_9889
700 _aMejía, Ana Cristina
_etrl
_961493
700 _aSarrazin, Marisol
_eill
_961494
942 _2loc
_cBKLIT
999 _c57748
_d57748